Formel 1 Podium 2007 - Statistiken

Allgemein
  • Dieses Quiz wurde 333 mal gespielt
  • Das Durchschnittsergebnis liegt bei 6 aus 8
Antwortstatistiken
Antwort % Korrekt
Fernando Alonso
98%
Lewis Hamilton
98%
Kimi Räikkonen
96%
Felipe Massa
93%
Nick Heidfeld
67%
Mark Webber
63%
Heikki Kovalainen
41%
Alexander Wurz
26%
Keine übereinstimmenden Quizze gefunden
Verteilung der Resultate
Anzahl Personen mit jedem Resultat
Perzentil nach korrekt beantworteten Fragen
Ihre Resultats-Entwicklung
Sie haben dieses Quiz noch nicht gespielt